000 00486nam a2200181Ia 4500
001 20295
005 20260306172755.0
008 260306t1995||||xx |||||||||||||| ||spa||
041 _aESP
082 _a343.1
_bR42
100 _aValdivia Cano, Ramiro (Ed.)
_eAUT
245 0 _aRepública independiente y otros ensayos sobre derecho constitucional en el Perú
260 _c1995
300 _a352 páginas :
_c19 cm.
650 _aGEN
654 _aCDE
942 _cLIB
_dJUS
_fJUS
_2ddc
_n
999 _c20295
_d20295